Siirry sisältöön
VuFind
Kieli
English
Deutsch
Español
Français
Italiano
日本語
Nederlands
Português
Português (Brasil)
中文(简体)
中文(繁體)
Türkçe
עברית
Gaeilge
Cymraeg
Ελληνικά
Català
Euskara
Русский
Čeština
Suomi
Svenska
polski
Dansk
slovenščina
اللغة العربية
বাংলা
Galego
Tiếng Việt
Hrvatski
हिंदी
Kaikki kentät
Nimeke
Tekijä
Aihe
Hyllypaikka
ISBN/ISSN
Tagi
Hae
Tarkennettu
Haku
Harvard Law Review
Sitaatti
Lähetä sähköpostilla
Tulosta
Vie tietue
Vienti: RefWorks
Vienti: EndNoteWeb
Vienti: EndNote
permanent_link
Lataa...
Harvard Law Review
Bibliografiset tiedot
Kieli:
English
Saatavuustiedot
Kuvaus
Samankaltaisia teoksia
Henkilökuntanäyttö
LEADER
00193nam a22000857a 4500
008
130215t xxu||||| |||| 00| 0 eng d
245
|a
Harvard Law Review
300
|a
-
942
|2
udc
|c
CR
|s
1
|6
_
999
|c
140564
|d
140564
Samankaltaisia teoksia
Harvard law review
Harvard Law Review
Julkaistu: (1887)
Harvard Educational Review /
Julkaistu: (1972)
Harvard business review
Harvard business review
Lataa...